Goldorak - Accours vers nous - Statistiques

Statistiques générales
  • Ce quiz a été pris 131 fois
  • Le résultat moyen est 83 sur 125
Statistiques - réponses
Réponse % Correct
a
99%
de
99%
De
99%
le
99%
Prince
99%
prince
99%
les
96%
Accours
95%
l'espace
94%
nous
94%
Nous
94%
vers
94%
Viens
90%
viens
90%
te
89%
Terre
88%
en
86%
notre
86%
vite
86%
danger
85%
est
85%
aider
84%
Elle
84%
la
83%
La
83%
défendre
79%
L'ennemi
73%
et
68%
héréditaire
65%
Tu
65%
veut
65%
dans
64%
Dans
64%
sauver
63%
écraser
60%
planète
60%
du
59%
L'avenir
58%
mains
58%
tes
58%
genre
57%
humain
57%
d'amour
54%
l'as
54%
justice
52%
Toi
51%
toi
51%
chevalier
48%
des
48%
au
47%
liberté
47%
solitaire
46%
vérité
46%
C'est
43%
secours
43%
seule
42%
t'appelons
41%
Véga
41%
voulons
41%
étoiles
36%
ton
35%
besoin
33%
protéger
32%
robot
31%
merveilleux
28%
Pour
27%
bats
20%
battre
16%
encore
16%
tous
11%
fort
9%
plus
9%
assauts
7%
Repousse
7%
Deviens
5%
Aucun quiz correspondant
Distribution des résultats
% des personnes avec chaque résultat
Percentile par nombre de réponses
Votre historique - résultats
Vous n’avez pas pris ce quiz